Gaming Quiz

Random Gaming or Video Games Quiz

Mega-Sorting Gallery: Gaming Quiz Stats

 Plays Quiz not verified by Sporcle

Score 0/100 Timer 10:00
26 Plays Today
% Correct
Q
88.8%
King
88.8%
Z
88.6%
Queen
88.4%
Bishop
88.3%
Knight
88.2%
Pawn
88%
Blinky
86.7%
Rook
86.6%
3DS
86.3%
Luigi
86.2%
N64
85.9%
Mario
85.9%
Four of a Kind
85.8%
DS
85.7%
NES
85.7%
GameBoy Advance
85.5%
GameCube
85.4%
Wii
85.1%
Straight Flush
85%
Inky
84.9%
Princess Peach
84.7%
Full House
84.5%
Three of a Kind
84.5%
Flush
84.4%
SNES
84.4%
Black Jack
84.2%
Pikachu
84%
Two Pair
83.7%
Straight
83.5%
Yoshi
83.3%
Solitaire
82.9%
A Link to the Past
82.6%
Bowser
82.5%
% Correct
Dagger/Knife
82.3%
Revolver
82%
Pinky
82%
Donkey Kong Jr.
81.7%
Raichu
81.3%
Rope
81.3%
Rubik's Cube
81.2%
Etch A Sketch
81%
LEGO
80.7%
Pair
80.6%
Lead Pipe
80.5%
High Card
80.5%
Ocarina of Time
80.3%
Crazy Eights
80.3%
Candlestick
79.9%
Go Fish
79.8%
Gin Rummy
79.7%
Play-doh
79.5%
Angry Birds
79.5%
Wrench
79.4%
Voltorb
79.4%
Koopa Troopa
78.9%
Pennsylvania
78.9%
Bridge
78.9%
Toad
78.7%
Jolteon
78.6%
Hearts
78.5%
Electabuzz
77.9%
Magneton
77.8%
Frisbee
77.5%
Breath of the Wild
77%
Wool
76.9%
Ore
76.8%
Grain
76.8%
% Correct
Brick
76.6%
Magnemite
76%
Zapdos
75.8%
Lumber
75.8%
Virtual Boy
75.7%
Clyde
75.5%
Knuckles
75.3%
Slinky
75.2%
The Wind Waker
73.8%
Candy Crush
73.1%
B. & O.
73.1%
Short Line
73.1%
Tails
72.8%
Creeper
72.6%
Electrode
72%
Slap Jack
71%
Switch
70.3%
Reading
70.3%
Zombie
69.4%
Skeleton
68.8%
Majora's Mask
67.3%
Witch
67%
Ghast
66.1%
Master Chief
62.7%
Slime
60.4%
View-Master
59.7%
Amy Rose
58.1%
Magma Cube
57.1%
Summoner's Rift
56.8%
Howling Abyss
56.4%
Cloud Strife
52.2%
The Twisted Treeline
50.8%

You're not logged in!

Compare scores with friends on all Sporcle quizzes.
OR
Log In

Show Comments

Extras

Top Quizzes Today


Score Distribution

Your Account Isn't Verified!

In order to create a playlist on Sporcle, you need to verify the email address you used during registration. Go to your Sporcle Settings to finish the process.

Report this User

Report this user for behavior that violates our Community Guidelines.

Details: